[Event "Hotel La Borona Cerrado 2014"]
[Site "Gijon ESP"]
[Date "2014.06.25"]
[Round "1.1"]
[White "Suarez Garcia, Carlos"]
[Black "Damaso, Rui"]
[Result "1/2-1/2"]
[WhiteElo "2398"]
[BlackElo "2404"]
[PlyCount "32"]
[EventDate "2014.06.25"]
[EventType "tourn"]
[EventRounds "9"]
[EventCountry "ESP"]
[EventCategory "6"]
[Source "lmi"]
[SourceDate "2014.06.25"]

1. d4 Nf6 2. c4 g6 3. g3 Bg7 4. Bg2 O-O 5. Nf3 d5 6. cxd5 Nxd5 7. O-O Nc6 8.
Nc3 Nb6 9. e3 Re8 10. d5 Na5 11. Nd4 Bd7 12. Rb1 Qc8 13. Nb3 Nxb3 14. Qxb3 c6
15. dxc6 Bxc6 16. e4 Bd7 1/2-1/2

[Event "Hotel La Borona Cerrado 2014"]
[Site "Gijon ESP"]
[Date "2014.06.25"]
[Round "1.2"]
[White "Kovacevic, Slobodan"]
[Black "Suarez Real, Alberto"]
[Result "1/2-1/2"]
[WhiteElo "2359"]
[BlackElo "2415"]
[PlyCount "30"]
[EventDate "2014.06.25"]
[EventType "tourn"]
[EventRounds "9"]
[EventCountry "ESP"]
[EventCategory "6"]
[Source "lmi"]
[SourceDate "2014.06.25"]

1. d4 Nf6 2. Nf3 g6 3. Bg5 Bg7 4. Nbd2 O-O 5. c3 d6 6. e4 c5 7. dxc5 dxc5 8.
Be2 Nc6 9. O-O Qc7 10. Qc2 b6 11. a4 Bb7 12. Rfe1 h6 13. Bh4 Nh5 14. Nc4 Rad8
15. Nfd2 Nf4 1/2-1/2

[Event "Hotel La Borona Cerrado 2014"]
[Site "Gijon ESP"]
[Date "2014.06.25"]
[Round "1.3"]
[White "Alvarez Fernandez, Enrique"]
[Black "Starostits, Ilmars"]
[Result "1/2-1/2"]
[WhiteElo "2362"]
[BlackElo "2464"]
[PlyCount "24"]
[EventDate "2014.06.25"]
[EventType "tourn"]
[EventRounds "9"]
[EventCountry "ESP"]
[EventCategory "6"]
[Source "lmi"]
[SourceDate "2014.06.25"]

1. d4 d6 2. e4 g6 3. Nf3 Bg7 4. Nc3 c6 5. a4 Nd7 6. Bc4 d5 7. Bb3 e6 8. O-O Ne7
9. Bf4 O-O 10. Re1 Nf6 11. Qd2 a5 12. h3 b6 1/2-1/2

[Event "Hotel La Borona Cerrado 2014"]
[Site "Gijon ESP"]
[Date "2014.06.25"]
[Round "1.4"]
[White "Santos Ruiz, Miguel"]
[Black "Alonso Alvarez, Aitor"]
[Result "1-0"]
[WhiteElo "2343"]
[BlackElo "2254"]
[PlyCount "101"]
[EventDate "2014.06.25"]
[EventType "tourn"]
[EventRounds "9"]
[EventCountry "ESP"]
[EventCategory "6"]
[Source "lmi"]
[SourceDate "2014.06.25"]

1. Nf3 c5 2. c4 Nc6 3. Nc3 g6 4. g3 Bg7 5. Bg2 e5 6. h4 h6 7. d3 Nge7 8. Bd2
O-O 9. Qc1 Kh7 10. Ne4 d6 11. h5 g5 12. Nfxg5+ hxg5 13. h6 Bh8 14. Nxg5+ Kg8
15. h7+ Kg7 16. Ne4 f5 17. Bh6+ Kf7 18. Bxf8 fxe4 19. Bxe7 Qxe7 20. Bxe4 Be6
21. Qh6 Ke8 22. Qg6+ Kd7 23. Bf5 Bxf5 24. Qxf5+ Kc7 25. Kd2 e4 26. Qxe4 Qg7 27.
Rab1 Rf8 28. f4 Rf7 29. Rh5 Re7 30. Qg2 Nd4 31. e3 Qg4 32. Rbh1 Nf3+ 33. Kc1
Rxe3 34. Qf2 Re7 35. Kb1 Qg7 36. a3 Ne1 37. Rd5 Re3 38. Rh2 Rxg3 39. Qd2 Nf3
40. Qa5+ Kc6 41. Qb5+ Kc7 42. Qa5+ Kc6 43. Qd8 Rg6 44. Qe8+ Kc7 45. Re2 Kb6 46.
a4 a6 47. Qd8+ Ka7 48. a5 Rg1+ 49. Ka2 Re1 50. Qb6+ Kb8 51. Rxd6 1-0

[Event "Hotel La Borona Cerrado 2014"]
[Site "Gijon ESP"]
[Date "2014.06.25"]
[Round "1.5"]
[White "Buscara, Sevan"]
[Black "Pena Gomez, Manuel"]
[Result "1/2-1/2"]
[WhiteElo "2379"]
[BlackElo "2437"]
[PlyCount "68"]
[EventDate "2014.06.25"]
[EventType "tourn"]
[EventRounds "9"]
[EventCountry "ESP"]
[EventCategory "6"]
[Source "lmi"]
[SourceDate "2014.06.25"]

1. d4 Nf6 2. Nf3 c5 3. c3 e6 4. Bf4 Nc6 5. e3 Be7 6. h3 O-O 7. Nbd2 cxd4 8.
cxd4 b6 9. Bd3 d6 10. Bh2 e5 11. Bb5 Bd7 12. O-O Nxd4 13. Nxd4 exd4 14. Bxd7
dxe3 15. Bf5 exd2 16. Qxd2 d5 17. Be5 Re8 18. Qc3 g6 19. Rfe1 gxf5 20. Bxf6
Bxf6 21. Rxe8+ Qxe8 22. Qxf6 Qe6 23. Qg5+ Kh8 24. Rd1 Qe5 25. Rd3 Rg8 26. Qd2
Rd8 27. Rd4 Re8 28. Rxd5 Qe1+ 29. Kh2 Qxd2 30. Rxd2 f4 31. f3 Re7 32. Kg1 Kg7
33. Kf2 Kf6 34. Rc2 Kf5 1/2-1/2

[Event "Hotel La Borona Cerrado 2014"]
[Site "Gijon ESP"]
[Date "2014.06.26"]
[Round "3.3"]
[White "Santos Ruiz, Miguel"]
[Black "Suarez Real, Alberto"]
[Result "1/2-1/2"]
[WhiteElo "2343"]
[BlackElo "2415"]
[PlyCount "28"]
[EventDate "2014.06.25"]
[EventType "tourn"]
[EventRounds "9"]
[EventCountry "ESP"]
[EventCategory "6"]
[Source "lmi"]
[SourceDate "2014.06.25"]

1. e4 c5 2. d4 cxd4 3. c3 Nf6 4. e5 Nd5 5. Nf3 e6 6. cxd4 d6 7. a3 Nc6 8. Bd3
dxe5 9. dxe5 g6 10. O-O Bg7 11. Qe2 Qc7 12. Re1 O-O 13. h4 Bd7 14. h5 Rac8
1/2-1/2

[Event "Hotel La Borona Cerrado 2014"]
[Site "Gijon ESP"]
[Date "2014.06.26"]
[Round "3.4"]
[White "Buscara, Sevan"]
[Black "Starostits, Ilmars"]
[Result "1/2-1/2"]
[WhiteElo "2379"]
[BlackElo "2464"]
[PlyCount "25"]
[EventDate "2014.06.25"]
[EventType "tourn"]
[EventRounds "9"]
[EventCountry "ESP"]
[EventCategory "6"]
[Source "lmi"]
[SourceDate "2014.06.25"]

1. d4 d5 2. Bf4 Nc6 3. e3 Bf5 4. Nf3 e6 5. Bb5 Bd6 6. Bxd6 cxd6 7. c3 Qb6 8.
Qb3 Nge7 9. Nbd2 O-O 10. Be2 Qc7 11. O-O h6 12. Rfc1 Rac8 13. Qd1 1/2-1/2

[Event "Hotel La Borona Cerrado 2014"]
[Site "Gijon ESP"]
[Date "2014.06.26"]
[Round "3.5"]
[White "Pena Gomez, Manuel"]
[Black "Alonso Alvarez, Aitor"]
[Result "1/2-1/2"]
[WhiteElo "2437"]
[BlackElo "2254"]
[PlyCount "28"]
[EventDate "2014.06.25"]
[EventType "tourn"]
[EventRounds "9"]
[EventCountry "ESP"]
[EventCategory "6"]
[Source "lmi"]
[SourceDate "2014.06.25"]

1. e4 c5 2. Nc3 Nc6 3. g3 g6 4. Bg2 Bg7 5. d3 d6 6. f4 e6 7. Nf3 Nge7 8. O-O
O-O 9. Be3 Nd4 10. Qd2 f5 11. Rae1 Nec6 12. Nd1 Bd7 13. c3 Nxf3+ 14. Bxf3 Be8
1/2-1/2

[Event "Hotel La Borona Cerrado 2014"]
[Site "Gijon ESP"]
[Date "2014.06.27"]
[Round "4.1"]
[White "Damaso, Rui"]
[Black "Alonso Alvarez, Aitor"]
[Result "1/2-1/2"]
[WhiteElo "2404"]
[BlackElo "2254"]
[PlyCount "39"]
[EventDate "2014.06.25"]
[EventType "tourn"]
[EventRounds "9"]
[EventCountry "ESP"]
[EventCategory "6"]
[Source "lmi"]
[SourceDate "2014.06.25"]

1. Nf3 c5 2. e4 d6 3. Bb5+ Bd7 4. c4 Nc6 5. d4 cxd4 6. Nxd4 g6 7. O-O Bg7 8.
Bxc6 Bxc6 9. Nc3 Nf6 10. Qd3 Qb6 11. Rd1 O-O 12. Be3 Ng4 13. Nxc6 Qxc6 14. Nd5
Rfe8 15. Bd4 Ne5 16. Qe2 e6 17. Nc3 Qxc4 18. Qxc4 Nxc4 19. Bxg7 Kxg7 20. Nb5
1/2-1/2

[Event "Hotel La Borona Cerrado 2014"]
[Site "Gijon ESP"]
[Date "2014.06.27"]
[Round "4.3"]
[White "Suarez Real, Alberto"]
[Black "Buscara, Sevan"]
[Result "1-0"]
[WhiteElo "2415"]
[BlackElo "2379"]
[PlyCount "95"]
[EventDate "2014.06.25"]
[EventType "tourn"]
[EventRounds "9"]
[EventCountry "ESP"]
[EventCategory "6"]
[Source "lmi"]
[SourceDate "2014.06.25"]

1. e4 d5 2. exd5 Qxd5 3. Nc3 Qa5 4. d4 Nf6 5. Bd2 Bg4 6. f3 Bf5 7. g4 Bg6 8. f4
e6 9. f5 exf5 10. Qe2+ Kd8 11. g5 Nfd7 12. O-O-O Nc6 13. d5 Nce5 14. h4 f4 15.
h5 Bf5 16. Bh3 Bxh3 17. Rxh3 Bd6 18. Kb1 Re8 19. Ne4 Qxd5 20. Nxd6 cxd6 21.
Bxf4 Qc4 22. Qd2 Rc8 23. Bxe5 Rxe5 24. Rd3 Re6 25. Nf3 Rc7 26. Nd4 Re5 27. Nf3
Re6 28. g6 hxg6 29. Ng5 Rf6 30. Rd4 Qb5 31. hxg6 fxg6 32. Rxd6 Kc8 33. Rd5 Qc6
34. Ne4 Re6 35. Rc5 Rxe4 36. Rxc6 bxc6 37. Qd6 Nf6 38. Qg3 Rg4 39. Qh3 Kb7 40.
a3 g5 41. Qb3+ Kc8 42. Qe6+ Kb7 43. Qb3+ Kc8 44. Qe6+ Kb7 45. Rd8 Re4 46. Qb3+
Ka6 47. Rb8 Rd4 48. Qc3 1-0

[Event "Hotel La Borona Cerrado 2014"]
[Site "Gijon ESP"]
[Date "2014.06.27"]
[Round "4.4"]
[White "Suarez Garcia, Carlos"]
[Black "Santos Ruiz, Miguel"]
[Result "1-0"]
[WhiteElo "2398"]
[BlackElo "2343"]
[PlyCount "47"]
[EventDate "2014.06.25"]
[EventType "tourn"]
[EventRounds "9"]
[EventCountry "ESP"]
[EventCategory "6"]
[Source "lmi"]
[SourceDate "2014.06.25"]

1. g3 e5 2. c4 Nf6 3. Bg2 h6 4. Nf3 Nc6 5. O-O g6 6. d4 exd4 7. Nxd4 Bg7 8. Nc3
Nxd4 9. Qxd4 O-O 10. c5 d5 11. cxd6 Ne8 12. Qa4 Nxd6 13. Rd1 Bd7 14. Qc2 Qe8
15. Nd5 Bf5 16. Qxc7 Qxe2 17. Be3 Nb5 18. Qxb7 Rab8 19. Qc6 Rfc8 20. Ne7+ Kh7
21. Nxc8 Rxc8 22. Rd2 Nd4 23. Qd5 Rc5 24. Qxd4 1-0

[Event "Hotel La Borona Cerrado 2014"]
[Site "Gijon ESP"]
[Date "2014.06.27"]
[Round "4.5"]
[White "Kovacevic, Slobodan"]
[Black "Alvarez Fernandez, Enrique"]
[Result "1-0"]
[WhiteElo "2359"]
[BlackElo "2362"]
[PlyCount "85"]
[EventDate "2014.06.25"]
[EventType "tourn"]
[EventRounds "9"]
[EventCountry "ESP"]
[EventCategory "6"]
[Source "lmi"]
[SourceDate "2014.06.25"]

1. d4 d5 2. Bf4 Nf6 3. e3 c5 4. c3 Nc6 5. Nd2 Bf5 6. Qb3 Qd7 7. Ngf3 c4 8. Qd1
e6 9. Be2 b5 10. a3 Bd6 11. Nh4 O-O 12. Nxf5 exf5 13. O-O Bxf4 14. exf4 Qd6 15.
g3 a5 16. Qc2 g6 17. Bf3 Rfe8 18. b3 Ne4 19. bxc4 bxc4 20. a4 Rab8 21. Rfb1
Rxb1+ 22. Rxb1 Rb8 23. Bxe4 fxe4 24. Nf1 Ne7 25. Ne3 Rb6 26. Qa2 Nf5 27. Rxb6
Qxb6 28. Nxd5 Qb3 29. Qxb3 cxb3 30. Nf6+ Kf8 31. Nxe4 b2 32. Nd2 Nd6 33. Kf1
Nc4 34. Nb1 Ke7 35. Ke2 Kd6 36. Kd3 Kd5 37. f3 Nb6 38. Na3 Nc4 39. Nb1 Nb6 40.
g4 h6 41. h3 g5 42. fxg5 hxg5 43. c4+ 1-0

[Event "Hotel La Borona Cerrado 2014"]
[Site "Gijon ESP"]
[Date "2014.06.28"]
[Round "5.1"]
[White "Alvarez Fernandez, Enrique"]
[Black "Damaso, Rui"]
[Result "1/2-1/2"]
[WhiteElo "2362"]
[BlackElo "2404"]
[PlyCount "38"]
[EventDate "2014.06.25"]
[EventType "tourn"]
[EventRounds "9"]
[EventCountry "ESP"]
[EventCategory "6"]
[Source "lmi"]
[SourceDate "2014.06.25"]

1. d4 Nf6 2. Bg5 Ne4 3. Bf4 c5 4. f3 Qa5+ 5. c3 Nf6 6. Nd2 cxd4 7. Nb3 Qf5 8.
Bxb8 Rxb8 9. Qxd4 b6 10. e4 Qf4 11. Nh3 Qc7 12. e5 Ng8 13. O-O-O e6 14. Bd3 Ne7
15. Rhe1 Nc6 16. Qe3 d6 17. exd6 Bxd6 18. Kb1 Be7 19. f4 O-O 1/2-1/2

[Event "Hotel La Borona Cerrado 2014"]
[Site "Gijon ESP"]
[Date "2014.06.28"]
[Round "5.2"]
[White "Santos Ruiz, Miguel"]
[Black "Kovacevic, Slobodan"]
[Result "0-1"]
[WhiteElo "2343"]
[BlackElo "2359"]
[PlyCount "46"]
[EventDate "2014.06.25"]
[EventType "tourn"]
[EventRounds "9"]
[EventCountry "ESP"]
[EventCategory "6"]
[Source "lmi"]
[SourceDate "2014.06.25"]

1. g3 g6 2. Bg2 Bg7 3. c4 c5 4. e3 e6 5. Ne2 Ne7 6. d4 cxd4 7. Nxd4 d5 8. O-O
O-O 9. Nc3 Nbc6 10. Rb1 Nxd4 11. exd4 Bd7 12. cxd5 Nxd5 13. Nxd5 exd5 14. Be3
Be6 15. Qb3 Qb6 16. Bxd5 Bxd5 17. Qxd5 Rfd8 18. Qf3 Bxd4 19. Rfe1 Bxe3 20. Rxe3
Rd7 21. Rb3 Qa6 22. Rd1 Rad8 23. Rxd7 Rxd7 0-1

[Event "Hotel La Borona Cerrado 2014"]
[Site "Gijon ESP"]
[Date "2014.06.28"]
[Round "5.3"]
[White "Buscara, Sevan"]
[Black "Suarez Garcia, Carlos"]
[Result "1/2-1/2"]
[WhiteElo "2379"]
[BlackElo "2398"]
[PlyCount "40"]
[EventDate "2014.06.25"]
[EventType "tourn"]
[EventRounds "9"]
[EventCountry "ESP"]
[EventCategory "6"]
[Source "lmi"]
[SourceDate "2014.06.25"]

1. g3 d5 2. Bg2 c6 3. c4 Nf6 4. Nf3 Bg4 5. Ne5 Bf5 6. Qb3 Nbd7 7. d4 Qb6 8.
cxd5 Qxb3 9. axb3 cxd5 10. Nc3 e6 11. Nb5 Rc8 12. Nxa7 Bb4+ 13. Kf1 Rc2 14. Nb5
O-O 15. Nxd7 Nxd7 16. Na3 Bxa3 17. bxa3 Rfc8 18. Be3 Rb2 19. Bf3 Bh3+ 20. Bg2
Bg4 1/2-1/2

[Event "Hotel La Borona Cerrado 2014"]
[Site "Gijon ESP"]
[Date "2014.06.28"]
[Round "5.4"]
[White "Pena Gomez, Manuel"]
[Black "Suarez Real, Alberto"]
[Result "1/2-1/2"]
[WhiteElo "2437"]
[BlackElo "2415"]
[PlyCount "44"]
[EventDate "2014.06.25"]
[EventType "tourn"]
[EventRounds "9"]
[EventCountry "ESP"]
[EventCategory "6"]
[Source "lmi"]
[SourceDate "2014.06.25"]

1. Nf3 c5 2. c4 Nf6 3. Nc3 e6 4. g3 b6 5. Bg2 Bb7 6. O-O a6 7. Re1 d6 8. e4 Be7
9. d4 cxd4 10. Nxd4 Qc7 11. Be3 Nbd7 12. f4 O-O 13. Rc1 Nc5 14. Bf2 Rac8 15. g4
g6 16. f5 exf5 17. gxf5 Rfe8 18. Nd5 Nxd5 19. cxd5 a5 20. Bg3 Qd8 21. Nc6 Bxc6
22. dxc6 Bh4 1/2-1/2

[Event "Hotel La Borona Cerrado 2014"]
[Site "Gijon ESP"]
[Date "2014.06.28"]
[Round "5.5"]
[White "Alonso Alvarez, Aitor"]
[Black "Starostits, Ilmars"]
[Result "0-1"]
[WhiteElo "2254"]
[BlackElo "2464"]
[PlyCount "34"]
[EventDate "2014.06.25"]
[EventType "tourn"]
[EventRounds "9"]
[EventCountry "ESP"]
[EventCategory "6"]
[Source "lmi"]
[SourceDate "2014.06.25"]

1. c4 e5 2. Nc3 Nc6 3. g3 g6 4. Bg2 d6 5. e3 Bg7 6. Nge2 h5 7. h4 Bg4 8. Rb1 a5
9. a3 Qd7 10. d3 Nge7 11. b3 O-O 12. Bb2 Rae8 13. Nd5 Nd8 14. Nxe7+ Qxe7 15.
Qd2 c6 16. Nc3 Bh6 17. O-O Ne6 0-1

[Event "Hotel La Borona Cerrado 2014"]
[Site "Gijon ESP"]
[Date "2014.06.29"]
[Round "6.1"]
[White "Damaso, Rui"]
[Black "Starostits, Ilmars"]
[Result "1/2-1/2"]
[WhiteElo "2404"]
[BlackElo "2464"]
[PlyCount "23"]
[EventDate "2014.06.25"]
[EventType "tourn"]
[EventRounds "9"]
[EventCountry "ESP"]
[EventCategory "6"]
[Source "lmi"]
[SourceDate "2014.06.25"]

1. d4 Nf6 2. Nf3 e6 3. g3 b6 4. Bg2 Bb7 5. c4 Bb4+ 6. Bd2 a5 7. O-O O-O 8. Qc2
Be4 9. Qc1 d5 10. Bg5 dxc4 11. Bxf6 Qxf6 12. a3 1/2-1/2

[Event "Hotel La Borona Cerrado 2014"]
[Site "Gijon ESP"]
[Date "2014.06.29"]
[Round "6.2"]
[White "Suarez Real, Alberto"]
[Black "Alonso Alvarez, Aitor"]
[Result "1-0"]
[WhiteElo "2415"]
[BlackElo "2254"]
[PlyCount "39"]
[EventDate "2014.06.25"]
[EventType "tourn"]
[EventRounds "9"]
[EventCountry "ESP"]
[EventCategory "6"]
[Source "lmi"]
[SourceDate "2014.06.25"]

1. e4 c5 2. Nf3 d6 3. d4 cxd4 4. Nxd4 Nf6 5. Nc3 g6 6. Be3 Bg7 7. f3 O-O 8. Qd2
Nc6 9. O-O-O Nxd4 10. Bxd4 Be6 11. Kb1 Qc7 12. h4 Rfc8 13. h5 Qa5 14. hxg6 hxg6
15. a3 Rab8 16. Bd3 b5 17. Qg5 Qc7 18. e5 b4 19. exf6 exf6 20. Qxf6 1-0

[Event "Hotel La Borona Cerrado 2014"]
[Site "Gijon ESP"]
[Date "2014.06.29"]
[Round "6.3"]
[White "Suarez Garcia, Carlos"]
[Black "Pena Gomez, Manuel"]
[Result "1/2-1/2"]
[WhiteElo "2398"]
[BlackElo "2437"]
[PlyCount "61"]
[EventDate "2014.06.25"]
[EventType "tourn"]
[EventRounds "9"]
[EventCountry "ESP"]
[EventCategory "6"]
[Source "lmi"]
[SourceDate "2014.06.25"]

1. d4 d5 2. c4 c6 3. cxd5 cxd5 4. Nc3 Nf6 5. Nf3 Nc6 6. Bf4 Bf5 7. e3 e6 8. Bd3
Bxd3 9. Qxd3 Bd6 10. Bxd6 Qxd6 11. O-O O-O 12. Rfc1 Rfc8 13. a3 a6 14. h3 h6
15. Rc2 Ne7 16. Rac1 Qd8 17. Ne2 Rxc2 18. Rxc2 Rc8 19. Rxc8 Qxc8 20. Qc3 Qxc3
21. Nxc3 Nc6 22. Kf1 Kf8 23. Ke2 Ke7 24. Kd3 Kd6 25. Nd2 Nd7 26. f4 f5 27. g3
Nf6 28. Ne2 Nd7 29. Nc3 Nf6 30. Ne2 Nd7 31. Nc3 1/2-1/2

[Event "Hotel La Borona Cerrado 2014"]
[Site "Gijon ESP"]
[Date "2014.06.29"]
[Round "6.4"]
[White "Kovacevic, Slobodan"]
[Black "Buscara, Sevan"]
[Result "1/2-1/2"]
[WhiteElo "2359"]
[BlackElo "2379"]
[PlyCount "25"]
[EventDate "2014.06.25"]
[EventType "tourn"]
[EventRounds "9"]
[EventCountry "ESP"]
[EventCategory "6"]
[Source "lmi"]
[SourceDate "2014.06.25"]

1. e4 d5 2. exd5 Qxd5 3. Nc3 Qa5 4. d4 Nf6 5. Nf3 Bf5 6. Bd2 c6 7. Bc4 e6 8.
Nd5 Qd8 9. Nxf6+ gxf6 10. Be3 Nd7 11. Bd3 Bd6 12. c3 Bxd3 13. Qxd3 1/2-1/2

[Event "Hotel La Borona Cerrado 2014"]
[Site "Gijon ESP"]
[Date "2014.06.29"]
[Round "6.5"]
[White "Alvarez Fernandez, Enrique"]
[Black "Santos Ruiz, Miguel"]
[Result "1/2-1/2"]
[WhiteElo "2362"]
[BlackElo "2343"]
[PlyCount "41"]
[EventDate "2014.06.25"]
[EventType "tourn"]
[EventRounds "9"]
[EventCountry "ESP"]
[EventCategory "6"]
[Source "lmi"]
[SourceDate "2014.06.25"]

1. d4 e6 2. Nf3 Nf6 3. Bf4 c5 4. e3 Nc6 5. c3 d5 6. Nbd2 Bd6 7. Bg3 O-O 8. Bd3
b6 9. Ne5 Bb7 10. f4 Ne7 11. Qf3 Nf5 12. Bf2 Be7 13. Ng4 Nxg4 14. Qxg4 Nd6 15.
O-O Qc8 16. Bh4 Bxh4 17. Qxh4 Nf5 18. Qf2 Ba6 19. Qe2 Bxd3 20. Qxd3 a5 21. a4
1/2-1/2

[Event "Hotel La Borona Cerrado 2014"]
[Site "Gijon ESP"]
[Date "2014.06.29"]
[Round "7.1"]
[White "Santos Ruiz, Miguel"]
[Black "Damaso, Rui"]
[Result "1/2-1/2"]
[WhiteElo "2343"]
[BlackElo "2404"]
[PlyCount "54"]
[EventDate "2014.06.25"]
[EventType "tourn"]
[EventRounds "9"]
[EventCountry "ESP"]
[EventCategory "6"]
[Source "lmi"]
[SourceDate "2014.06.25"]

1. e4 c5 2. d4 cxd4 3. c3 dxc3 4. Nxc3 Nc6 5. Nf3 d6 6. Bc4 a6 7. O-O Nf6 8.
Bf4 Bg4 9. h3 Bxf3 10. Qxf3 e6 11. Rfd1 Qb8 12. Be2 Be7 13. Qg3 O-O 14. Rxd6
Bxd6 15. Bxd6 Qa7 16. Bxf8 Rxf8 17. Rd1 e5 18. Rd6 Ne8 19. Rd3 Nf6 20. Qg5 h6
21. Qf5 Re8 22. Nd5 Re6 23. Nc7 Nd4 24. Rxd4 Qxd4 25. Nxe6 Qxb2 26. Bf1 fxe6
27. Qxe6+ Kh8 1/2-1/2

[Event "Hotel La Borona Cerrado 2014"]
[Site "Gijon ESP"]
[Date "2014.06.29"]
[Round "7.2"]
[White "Buscara, Sevan"]
[Black "Alvarez Fernandez, Enrique"]
[Result "0-1"]
[WhiteElo "2379"]
[BlackElo "2362"]
[PlyCount "48"]
[EventDate "2014.06.25"]
[EventType "tourn"]
[EventRounds "9"]
[EventCountry "ESP"]
[EventCategory "6"]
[Source "lmi"]
[SourceDate "2014.06.25"]

1. g3 d5 2. Bg2 Nf6 3. d3 h6 4. Nf3 Bf5 5. c4 dxc4 6. Qa4+ c6 7. Qxc4 e6 8. O-O
Nbd7 9. a4 a5 10. h3 Be7 11. e4 Bh7 12. Be3 O-O 13. Nbd2 Bb4 14. Qc2 Qe7 15.
Nc4 Rfd8 16. Rad1 Bc5 17. Bd2 Bb4 18. Bc3 Bxc3 19. bxc3 Qc5 20. Nfd2 Qe7 21.
Rb1 Ra7 22. Rb2 Nc5 23. d4 Nxa4 24. Qxa4 b5 0-1

[Event "Hotel La Borona Cerrado 2014"]
[Site "Gijon ESP"]
[Date "2014.06.29"]
[Round "7.3"]
[White "Pena Gomez, Manuel"]
[Black "Kovacevic, Slobodan"]
[Result "1-0"]
[WhiteElo "2437"]
[BlackElo "2359"]
[PlyCount "51"]
[EventDate "2014.06.25"]
[EventType "tourn"]
[EventRounds "9"]
[EventCountry "ESP"]
[EventCategory "6"]
[Source "lmi"]
[SourceDate "2014.06.25"]

1. g3 d5 2. Bg2 c6 3. Nf3 Nf6 4. c4 dxc4 5. O-O Bf5 6. a4 e6 7. b3 cxb3 8. Qxb3
Qb6 9. Qa2 a5 10. Na3 Bb4 11. d3 O-O 12. Nc4 Qd8 13. e4 Bg6 14. Qc2 Nfd7 15.
Rb1 Bh5 16. d4 Bxf3 17. Bxf3 Nb6 18. Nxb6 Qxb6 19. Be3 Qd8 20. Bg2 Qe7 21. f4
Na6 22. f5 exf5 23. Rxf5 g6 24. Rf2 Nc7 25. Bh6 c5 26. d5 1-0

[Event "Hotel La Borona Cerrado 2014"]
[Site "Gijon ESP"]
[Date "2014.06.29"]
[Round "7.4"]
[White "Alonso Alvarez, Aitor"]
[Black "Suarez Garcia, Carlos"]
[Result "1-0"]
[WhiteElo "2254"]
[BlackElo "2398"]
[PlyCount "53"]
[EventDate "2014.06.25"]
[EventType "tourn"]
[EventRounds "9"]
[EventCountry "ESP"]
[EventCategory "6"]
[Source "lmi"]
[SourceDate "2014.06.25"]

1. c4 e5 2. Nc3 Nf6 3. g3 Nc6 4. Bg2 Bc5 5. e3 d6 6. Nge2 O-O 7. d4 Bb6 8. O-O
Bf5 9. a3 a5 10. Nd5 Nxd5 11. cxd5 Ne7 12. e4 Bg4 13. dxe5 dxe5 14. h3 Bxe2 15.
Qxe2 Bd4 16. Be3 c5 17. f4 Qb6 18. Rad1 f6 19. h4 Nc8 20. Bxd4 cxd4 21. fxe5
d3+ 22. Qf2 Qxf2+ 23. Rxf2 fxe5 24. Rxd3 Rxf2 25. Kxf2 Nd6 26. Rb3 Kf8 27. Bh3
1-0

[Event "Hotel La Borona Cerrado 2014"]
[Site "Gijon ESP"]
[Date "2014.06.29"]
[Round "7.5"]
[White "Starostits, Ilmars"]
[Black "Suarez Real, Alberto"]
[Result "1/2-1/2"]
[WhiteElo "2464"]
[BlackElo "2415"]
[PlyCount "57"]
[EventDate "2014.06.25"]
[EventType "tourn"]
[EventRounds "9"]
[EventCountry "ESP"]
[EventCategory "6"]
[Source "lmi"]
[SourceDate "2014.06.25"]

1. d4 Nf6 2. c4 g6 3. Nc3 Bg7 4. e4 O-O 5. Be2 d6 6. Nf3 e5 7. O-O Nc6 8. d5
Ne7 9. b4 Nh5 10. g3 f5 11. Ng5 Nf6 12. Bf3 c6 13. Bg2 h6 14. Ne6 Bxe6 15. dxe6
Nxe4 16. Nxe4 fxe4 17. b5 Rf6 18. Bxe4 Kh8 19. bxc6 bxc6 20. Ba3 Rxe6 21. Rb1
d5 22. Bxe7 Rxe7 23. cxd5 cxd5 24. Bxd5 Rd7 25. Rb5 a6 26. Rc5 Bf8 27. Qf3 Rb8
28. Rfc1 Bxc5 29. Rxc5 1/2-1/2

[Event "Hotel La Borona Cerrado 2014"]
[Site "Gijon ESP"]
[Date "2014.06.30"]
[Round "8.1"]
[White "Damaso, Rui"]
[Black "Suarez Real, Alberto"]
[Result "1/2-1/2"]
[WhiteElo "2404"]
[BlackElo "2415"]
[PlyCount "37"]
[EventDate "2014.06.25"]
[EventType "tourn"]
[EventRounds "9"]
[EventCountry "ESP"]
[EventCategory "6"]
[Source "lmi"]
[SourceDate "2014.06.25"]

1. e4 c5 2. Nf3 Nc6 3. Bb5 Nf6 4. Nc3 g6 5. h3 Qc7 6. O-O Bg7 7. Re1 e5 8. Nd5
Qd8 9. d3 h6 10. c3 O-O 11. a3 Nxd5 12. exd5 Ne7 13. d6 Nf5 14. Nxe5 Nxd6 15.
Ba4 Nf5 16. Bf4 d5 17. Bb3 Be6 18. Qf3 Nh4 19. Qd1 1/2-1/2

[Event "Hotel La Borona Cerrado 2014"]
[Site "Gijon ESP"]
[Date "2014.06.30"]
[Round "8.2"]
[White "Suarez Garcia, Carlos"]
[Black "Starostits, Ilmars"]
[Result "1-0"]
[WhiteElo "2398"]
[BlackElo "2464"]
[PlyCount "103"]
[EventDate "2014.06.25"]
[EventType "tourn"]
[EventRounds "9"]
[EventCountry "ESP"]
[EventCategory "6"]
[Source "lmi"]
[SourceDate "2014.06.25"]

1. d4 d5 2. c4 dxc4 3. Nf3 c6 4. e3 Be6 5. Nbd2 Qa5 6. Be2 c3 7. bxc3 Qxc3 8.
Rb1 b6 9. O-O Nf6 10. Ng5 Bd5 11. e4 Bxa2 12. Rb2 h6 13. Rxa2 hxg5 14. Nc4 Nxe4
15. Nxb6 Qb4 16. Nxa8 Nc3 17. Qc2 Nxa2 18. Qxa2 Qb7 19. Bc4 e6 20. Bxe6 Bd6 21.
f4 gxf4 22. Ba3 Bxa3 23. Bxf7+ Qxf7 24. Re1+ Be7 25. Nc7+ Kf8 26. Qxa7 Kg8 27.
Qxb8+ Kh7 28. Qb1+ g6 29. Qe4 Bb4 30. Ne6 Qf5 31. Qxc6 Kh6 32. Qb7 Bf8 33. Qc7
f3 34. Qg3 Bd6 35. Qxf3 Qxf3 36. gxf3 Rb8 37. Re2 Rb1+ 38. Kf2 Rb3 39. Nc5 Rb4
40. Ne6 Bxh2 41. Ke3 Bd6 42. f4 g5 43. fxg5+ Kg6 44. Ke4 Rb5 45. Rf2 Be7 46.
Rh2 Rb1 47. Rh6+ Kf7 48. Kd5 Rg1 49. Rh7+ Ke8 50. Rg7 Kd7 51. g6 Rf1 52. Rf7
1-0

[Event "Hotel La Borona Cerrado 2014"]
[Site "Gijon ESP"]
[Date "2014.06.30"]
[Round "8.3"]
[White "Kovacevic, Slobodan"]
[Black "Alonso Alvarez, Aitor"]
[Result "1/2-1/2"]
[WhiteElo "2359"]
[BlackElo "2254"]
[PlyCount "35"]
[EventDate "2014.06.25"]
[EventType "tourn"]
[EventRounds "9"]
[EventCountry "ESP"]
[EventCategory "6"]
[Source "lmi"]
[SourceDate "2014.06.25"]

1. d4 c5 2. d5 Nf6 3. Nf3 g6 4. Nc3 Bg7 5. e4 d6 6. Be2 O-O 7. O-O e6 8. Nd2
exd5 9. exd5 Nbd7 10. a4 h6 11. Nc4 Ne5 12. Nxe5 dxe5 13. Be3 b6 14. Qd2 Kh7
15. h3 Ne8 16. Nb5 f5 17. f3 Nd6 18. Nxd6 1/2-1/2